<?xml version="1.0" encoding="UTF-8"?>
<record
    xmlns:xsi="http://www.w3.org/2001/XMLSchema-instance"
    xsi:schemaLocation="http://www.loc.gov/MARC21/slim http://www.loc.gov/standards/marcxml/schema/MARC21slim.xsd"
    xmlns="http://www.loc.gov/MARC21/slim">

  <leader>02206    a2200229   4500</leader>
  <controlfield tag="001">41107</controlfield>
  <controlfield tag="005">20260407155705.0</controlfield>
  <controlfield tag="008">260407a2001    arg                 spa d</controlfield>
  <controlfield tag="003">AR-UNSa-BCEJYS</controlfield>
  <datafield tag="040" ind1=" " ind2=" ">
    <subfield code="a">AR-UNSa-BCEJYS</subfield>
    <subfield code="b">spa</subfield>
    <subfield code="c">AR-UNSa-BCEJYS</subfield>
  </datafield>
  <datafield tag="080" ind1=" " ind2=" ">
    <subfield code="a">349.2</subfield>
    <subfield code="x">Derecho del Trabajo</subfield>
  </datafield>
  <datafield tag="245" ind1="1" ind2="0">
    <subfield code="a">R&#xE9;gimen internacional del trabajo</subfield>
    <subfield code="p">la OIT en la pol&#xED;tica mundial</subfield>
  </datafield>
  <datafield tag="020" ind1=" " ind2=" ">
    <subfield code="a">950-894-278-9</subfield>
  </datafield>
  <datafield tag="264" ind1=" " ind2="1">
    <subfield code="a">Buenos Aires :</subfield>
    <subfield code="b">AD-HOC</subfield>
    <subfield code="c">2001</subfield>
  </datafield>
  <datafield tag="300" ind1=" " ind2=" ">
    <subfield code="a">414 p.</subfield>
    <subfield code="c">23 cm.</subfield>
  </datafield>
  <datafield tag="505" ind1=" " ind2=" ">
    <subfield code="a">PARTE PRIMERA: Las condiciones de emergencia de la organizaci&#xF3;n internacional del trabajo. 1. La hegemon&#xED;a inestable en la paz de Versalles - 2. La OIT en el nuevo sistema internacional: esquema de congruencia --PARTE SEGUNDA: La OIT ante la guerra fr&#xED;a y el proceso de descolonizaci&#xF3;n. 1. El conflicto de los sistemas sociales: congruencia y perturbaciones de la guerra fr&#xED;a - 2. La estabilidad ideol&#xF3;gica en el r&#xE9;gimen sociolaboral: argumentos y pretensiones - 3. Problemas, debates y administraci&#xF3;n del r&#xE9;gimen sociolaboral - 4. El problema de la descolonizaci&#xF3;n y las normas sociolaborales -- PARTE TERCERA: R&#xE9;gimen internacional del trabajo y el desaf&#xED;o del desarrollo econ&#xF3;mico - 1. La OIT ante la problem&#xE1;tica del desarrollo econ&#xF3;mico y social - 2. La formaci&#xF3;n de la agenda sociolaboral - 3. Nacionalismo y universalismo en la OIT: a prop&#xF3;sito del desarrollo - 4. La asistencia t&#xE9;cnica: condiciones y procedimientos - 5. La pulsi&#xF3;n regionalista y sus pretensiones - 6. La OIT en el inicio de la crisis econ&#xF3;mica internacional --CUARTA PARTE: El r&#xE9;gimen sociolaboral de la OIT y las empresas multinacionales. 1. Estructura e influencias econ&#xF3;micas en el sistema internacional - 2. La constituci&#xF3;n del "cuarto actor" en el r&#xE9;gimen sociolaboral - 3. Las evasiones del poder econ&#xF3;mico y la institucionalizaci&#xF3;n de los nuevos actores - 4. El "cuarto actor" en la agenda sociolaboral - 5. Globalizaci&#xF3;n y disipaci&#xF3;n del r&#xE9;gimen internacional de la OIT</subfield>
  </datafield>
  <datafield tag="041" ind1=" " ind2=" ">
    <subfield code="a">spa</subfield>
  </datafield>
  <datafield tag="942" ind1=" " ind2=" ">
    <subfield code="c">BK</subfield>
  </datafield>
  <datafield tag="590" ind1=" " ind2=" ">
    <subfield code="a">niveau_biblio:m niveau_hierar:0</subfield>
  </datafield>
  <datafield tag="100" ind1="1" ind2=" ">
    <subfield code="a">Fern&#xE1;ndez Pardo, Carlos Alberto</subfield>
  </datafield>
  <datafield tag="856" ind1="4" ind2="1">
    <subfield code="u">https://biblioeco.unsa.edu.ar/pmb/images/libros/L126368.jpg</subfield>
    <subfield code="y">Imagen de portada</subfield>
    <subfield code="q">image/jpeg</subfield>
  </datafield>
  <datafield tag="999" ind1=" " ind2=" ">
    <subfield code="c">3375</subfield>
    <subfield code="d">3375</subfield>
  </datafield>
  <datafield tag="952" ind1=" " ind2=" ">
    <subfield code="0">0</subfield>
    <subfield code="1">0</subfield>
    <subfield code="4">0</subfield>
    <subfield code="7">0</subfield>
    <subfield code="a">BCEJYS</subfield>
    <subfield code="b">BCEJYS</subfield>
    <subfield code="c">16</subfield>
    <subfield code="d">2026-04-07</subfield>
    <subfield code="l">0</subfield>
    <subfield code="o">349.2 F362</subfield>
    <subfield code="p">L126368</subfield>
    <subfield code="r">2026-04-07 15:57:05</subfield>
    <subfield code="w">2026-04-07</subfield>
    <subfield code="y">L</subfield>
  </datafield>
</record>
